[Event "Mindsports Open 5th"]
[Site "London"]
[Date "2025.08.17"]
[Round "7.11"]
[White "Balaji, Aaravamudhan"]
[Black "Deepak Ambattu, Rithvik"]
[Result "0-1"]
[WhiteElo "2394"]
[BlackElo "1990"]
[PlyCount "116"]
[EventDate "2025.08.13"]
[EventType "swiss"]
[EventRounds "9"]
[EventCountry "ENG"]
[SourceTitle "BritBase"]
[Source "John Saunders"]
[SourceDate "2025.08.18"]
[SourceVersion "1"]
[SourceVersionDate "2025.08.18"]
[SourceQuality "1"]

1. d4 d5 2. c4 e6 3. Nc3 Nf6 4. cxd5 exd5 5. Bg5 c6 6. e3 h6 7. Bh4 Be7 8. Bd3 O-O 9. Nge2 Ne8 10. Bxe7 Qxe7 11. Ng3 Nd6 12. O-O Nd7 13. Qc2 Qg5 14. Rae1 Nb6 15. f4 Qd8 16. f5 Nd7 17. e4 dxe4 18. Ncxe4 Nxe4 19. Nxe4 Nf6 20. Nxf6+ Qxf6 21. Qc5 Bd7 22. Re5 Rfe8 23. Rfe1 b6 24. Qc3 Qd6 25. Bc2 b5 26. Bb3 Kf8 27. f6 gxf6 28. Rf1 f5 29. Rfe1 f6 30. R5e3 f4 31. Rxe8+ Rxe8 32. Rxe8+ Bxe8 33. Kf1 Bf7 34. Bc2 Bd5 35. Qh3 Bc4+ 36. Bd3 Qxd4 37. Qxh6+ Ke7 38. Qg7+ Bf7 39. Bg6 Qd1+ 40. Kf2 Qd2+ 41. Kf3 Qe3+ 42. Kg4 Qe6+ 43. Kxf4 Qe5+ 44. Kf3 Qd5+ 45. Be4 Qd1+ 46. Kg3 Qe2 47. Kf4 Qf2+ 48. Bf3 Qxb2 49. Bxc6 Qe5+ 50. Kf3 Qc3+ 51. Kf4 Qxc6 52. h4 Qc4+ 53. Kg3 Qd5 54. Kh3 Qf5+ 55. g4 Qd3+ 56. Kh2 Qg6 57. Qxg6 Bxg6 58. Kg3 b4 0-1

[Event "Mindsports Open 5th"]
[Site "London"]
[Date "2025.08.17"]
[Round "7.12"]
[White "Sanitt, Ethan"]
[Black "Safar, Sandro"]
[Result "1-0"]
[WhiteElo "2033"]
[BlackElo "2354"]
[PlyCount "81"]
[EventDate "2025.08.13"]
[EventType "swiss"]
[EventRounds "9"]
[EventCountry "ENG"]
[SourceTitle "BritBase"]
[Source "John Saunders"]
[SourceDate "2025.08.18"]
[SourceVersion "1"]
[SourceVersionDate "2025.08.18"]
[SourceQuality "1"]

1. c4 f5 2. g3 Nf6 3. Nc3 d6 4. d4 e6 5. Bg2 Be7 6. f4 O-O 7. Nf3 Ne4 8. O-O Nxc3 9. bxc3 Nc6 10. Rb1 Bf6 11. Be3 Na5 12. Qd3 Qe8 13. Rb5 b6 14. Nd2 c6 15. Rb4 Ba6 16. Qc2 Rd8 17. Bf2 c5 18. Ra4 Kh8 19. e4 Bb7 20. Re1 Qd7 21. Ra3 e5 22. fxe5 dxe5 23. d5 g6 24. exf5 gxf5 25. Bxc5 bxc5 26. Rxa5 e4 27. Rxa7 Ra8 28. Rxa8 Rxa8 29. Bh3 Qa4 30. Nb3 Qxa2 31. Qxa2 Rxa2 32. Bxf5 Rb2 33. Nxc5 Bxc3 34. Rxe4 Rb4 35. Nxb7 Rxb7 36. d6 Rb1+ 37. Kg2 Rd1 38. c5 Rd5 39. c6 Ba5 40. c7 Rd2+ 41. Kh3 1-0

[Event "Mindsports Open 5th"]
[Site "London"]
[Date "2025.08.17"]
[Round "7.13"]
[White "Pal, Rohan"]
[Black "Radeva, Viktoria"]
[Result "0-1"]
[WhiteElo "1909"]
[BlackElo "2317"]
[PlyCount "64"]
[EventDate "2025.08.13"]
[EventType "swiss"]
[EventRounds "9"]
[EventCountry "ENG"]
[SourceTitle "BritBase"]
[Source "John Saunders"]
[SourceDate "2025.08.18"]
[SourceVersion "1"]
[SourceVersionDate "2025.08.18"]
[SourceQuality "1"]

1. d4 d5 2. c4 e6 3. Nf3 Nf6 4. Nc3 Bb4 5. Qa4+ Nc6 6. e3 O-O 7. Bd2 dxc4 8. Bxc4 Bd6 9. O-O e5 10. dxe5 Nxe5 11. Nxe5 Bxe5 12. Qc2 c6 13. f4 Bc7 14. Rae1 Re8 15. h3 Be6 16. Bd3 Qd6 17. e4 Rad8 18. Rf3 Bb6+ 19. Kh2 Bc4 20. Bxc4 Qxd2 21. Qxd2 Rxd2 22. e5 Nd5 23. Nxd5 cxd5 24. Rd3 Ba5 25. Rd1 Rxd1 26. Rxd1 dxc4 27. Rd7 b5 28. Rxa7 Bd2 29. g3 Bc1 30. Rb7 Bxb2 31. Rxb5 c3 32. Rc5 g6 0-1

[Event "Mindsports Open 5th"]
[Site "London"]
[Date "2025.08.17"]
[Round "7.14"]
[White "Lilliehook, Victor"]
[Black "Gasanov, Eldar"]
[Result "1/2-1/2"]
[WhiteElo "2106"]
[BlackElo "2471"]
[PlyCount "96"]
[EventDate "2025.08.13"]
[EventType "swiss"]
[EventRounds "9"]
[EventCountry "ENG"]
[SourceTitle "BritBase"]
[Source "John Saunders"]
[SourceDate "2025.08.18"]
[SourceVersion "1"]
[SourceVersionDate "2025.08.18"]
[SourceQuality "1"]

1. e4 c5 2. Nf3 Nc6 3. d4 cxd4 4. Nxd4 Qb6 5. Nb3 e6 6. Be3 Qc7 7. a3 Nf6 8. Nc3 a6 9. f4 d6 10. g4 b5 11. g5 Nd7 12. h4 Rb8 13. Qd2 Nb6 14. O-O-O b4 15. axb4 Nxb4 16. h5 Nc4 17. Bxc4 Qxc4 18. Qd4 Qxd4 19. Nxd4 h6 20. g6 Be7 21. f5 Bf6 22. gxf7+ Kxf7 23. fxe6+ Bxe6 24. Nxe6 Kxe6 25. Bd4 Rhf8 26. Bxf6 Rxf6 27. Rhg1 Rb7 28. Nd5 Nxd5 29. exd5+ Ke5 30. Rge1+ Kf5 31. Rd2 Rb4 32. Rg2 Rg4 33. Reg1 Rxg2 34. Rxg2 g5 35. hxg6 Rxg6 36. Rh2 Ke4 37. c4 Kd3 38. b3 Kc3 39. Rh3+ Kb4 40. Kc2 a5 41. Rh2 Rf6 42. Kb2 Rg6 43. Kc2 Rf6 44. Kb2 a4 45. bxa4 Kxc4 46. Rh5 Rf2+ 47. Kc1 Rf1+ 48. Kd2 Ra1 1/2-1/2

[Event "Mindsports Open 5th"]
[Site "London"]
[Date "2025.08.17"]
[Round "7.15"]
[White "Terler, Bohdan"]
[Black "Sofronie, Iulian"]
[Result "1-0"]
[WhiteElo "1974"]
[BlackElo "2372"]
[PlyCount "49"]
[EventDate "2025.08.13"]
[EventType "swiss"]
[EventRounds "9"]
[EventCountry "ENG"]
[SourceTitle "BritBase"]
[Source "John Saunders"]
[SourceDate "2025.08.18"]
[SourceVersion "1"]
[SourceVersionDate "2025.08.18"]
[SourceQuality "1"]

1. e4 c5 2. Be2 Nc6 3. f4 d5 4. d3 e6 5. Nf3 Bd6 6. O-O Nge7 7. c3 f6 8. e5 fxe5 9. fxe5 Nxe5 10. Nxe5 Bxe5 11. d4 cxd4 12. Bb5+ Bd7 13. Qh5+ Ng6 14. Bd3 Bf6 15. Bxg6+ Ke7 16. Bd3 Rc8 17. Qe2 Qb6 18. Kh1 e5 19. cxd4 e4 20. Nc3 Be6 21. Bc2 Qxd4 22. Rd1 Qc5 23. Bb3 Rhd8 24. Be3 Qa5 25. Bd4 1-0

[Event "Mindsports Open 5th"]
[Site "London"]
[Date "2025.08.17"]
[Round "7.16"]
[White "Gombocz, Ferenc Jr"]
[Black "Udovenko, Daniel"]
[Result "1-0"]
[WhiteElo "2315"]
[BlackElo "1870"]
[PlyCount "71"]
[EventDate "2025.08.13"]
[EventType "swiss"]
[EventRounds "9"]
[EventCountry "ENG"]
[SourceTitle "BritBase"]
[Source "John Saunders"]
[SourceDate "2025.08.18"]
[SourceVersion "1"]
[SourceVersionDate "2025.08.18"]
[SourceQuality "1"]

1. d4 Nf6 2. c4 g6 3. Nc3 Bg7 4. e4 O-O 5. Be3 d6 6. h3 e5 7. d5 a5 8. Nf3 Na6 9. Be2 Nh5 10. Ng1 Nf4 11. Bf1 f5 12. g3 fxe4 13. gxf4 exf4 14. Bd4 Nc5 15. h4 Bg4 16. Be2 Nd3+ 17. Kf1 Nxb2 18. Qb3 Bxd4 19. Bxg4 Nd3 20. Nxe4 Nxf2 21. Nxf2 Bxa1 22. h5 Qe7 23. hxg6 hxg6 24. Qh3 Kf7 25. Qh7+ Kf6 26. Qh4+ Kf7 27. Be6+ Ke8 28. Qxe7+ Kxe7 29. Rh7+ Kd8 30. Rd7+ Ke8 31. Rxc7 f3 32. Ne4 Be5 33. Nh3 b5 34. cxb5 Rh8 35. b6 Rxh3 36. Bxh3 1-0

[Event "Mindsports Open 5th"]
[Site "London"]
[Date "2025.08.17"]
[Round "7.18"]
[White "Storme, Isak"]
[Black "Mesropyan, Hayk"]
[Result "1-0"]
[WhiteElo "2452"]
[BlackElo "1972"]
[PlyCount "63"]
[EventDate "2025.08.13"]
[EventType "swiss"]
[EventRounds "9"]
[EventCountry "ENG"]
[SourceTitle "BritBase"]
[Source "John Saunders"]
[SourceDate "2025.08.18"]
[SourceVersion "1"]
[SourceVersionDate "2025.08.18"]
[SourceQuality "1"]

1. d4 d5 2. c4 e6 3. Nf3 Nf6 4. g3 Bb4+ 5. Nc3 O-O 6. Bg2 b6 7. O-O Bb7 8. cxd5 exd5 9. Ne5 Ne4 10. Nxe4 dxe4 11. Bf4 Qd5 12. Qc2 Bd6 13. Rfd1 f6 14. Nc4 Bxf4 15. gxf4 Qf5 16. e3 Na6 17. f3 Qg6 18. fxe4 Rae8 19. Nd2 f5 20. Kh1 fxe4 21. Nc4 Qf5 22. Ne5 Rd8 23. Bf1 Rf6 24. Bxa6 Bxa6 25. Rg1 c5 26. dxc5 Qh3 27. Rg3 Qc8 28. c6 g6 29. Qxe4 Rxc6 30. Nxc6 Bb7 31. Rxg6+ Kf8 32. Qe7# 1-0

[Event "Mindsports Open 5th"]
[Site "London"]
[Date "2025.08.17"]
[Round "7.19"]
[White "Zakarian, Dimitrios Levon"]
[Black "Sofronie, Vladimir"]
[Result "1-0"]
[WhiteElo "2079"]
[BlackElo "2313"]
[PlyCount "69"]
[EventDate "2025.08.13"]
[EventType "swiss"]
[EventRounds "9"]
[EventCountry "ENG"]
[SourceTitle "BritBase"]
[Source "John Saunders"]
[SourceDate "2025.08.18"]
[SourceVersion "1"]
[SourceVersionDate "2025.08.18"]
[SourceQuality "1"]

1. d4 Nf6 2. c4 c5 3. d5 e6 4. Nc3 exd5 5. cxd5 d6 6. Nf3 g6 7. Bf4 a6 8. a4 Bg7 9. h3 O-O 10. e3 Qe7 11. Nd2 Nbd7 12. Be2 Ne8 13. O-O Ne5 14. a5 g5 15. Bxe5 Bxe5 16. Nc4 Bg7 17. e4 Bd4 18. Ra3 Ng7 19. Na4 f5 20. Nab6 Rb8 21. e5 Bxe5 22. Re3 f4 23. Rxe5 dxe5 24. d6 Qe6 25. d7 Bxd7 26. Nxd7 f3 27. Bxf3 Rxf3 28. Nxb8 Rf8 29. Nd7 Qxc4 30. Nxf8 Kxf8 31. Qd8+ Kf7 32. Rd1 Ne6 33. Rd7+ Kg6 34. Qg8+ Kf5 35. Qf7+ 1-0

[Event "Mindsports Open 5th"]
[Site "London"]
[Date "2025.08.17"]
[Round "7.20"]
[White "Avadhoot, Lokesh Bhakti Brahm"]
[Black "Antolak, Julia"]
[Result "0-1"]
[WhiteElo "2049"]
[BlackElo "2280"]
[PlyCount "50"]
[EventDate "2025.08.13"]
[EventType "swiss"]
[EventRounds "9"]
[EventCountry "ENG"]
[SourceTitle "BritBase"]
[Source "John Saunders"]
[SourceDate "2025.08.18"]
[SourceVersion "1"]
[SourceVersionDate "2025.08.18"]
[SourceQuality "1"]

1. e4 c5 2. Nf3 d6 3. d4 cxd4 4. Nxd4 Nf6 5. Nc3 a6 6. Bg5 e6 7. f4 h6 8. Bh4 Qb6 9. a3 Nbd7 10. Bf2 Qc7 11. Qf3 Be7 12. O-O-O b5 13. g4 g5 14. Qh3 Bb7 15. Bg2 h5 16. fxg5 Nxg4 17. g6 Bg5+ 18. Kb1 Nde5 19. g7 Rg8 20. Ndxb5 axb5 21. Nxb5 Qc6 22. Nxd6+ Ke7 23. Be1 Ne3 24. Bc3 Rxa3 25. Qxh5 Ra1+ 0-1

[Event "Mindsports Open 5th"]
[Site "London"]
[Date "2025.08.17"]
[Round "7.21"]
[White "Bharat Kumar, Balahari"]
[Black "Zheng, Harry Z"]
[Result "0-1"]
[WhiteElo "2052"]
[BlackElo "2190"]
[PlyCount "76"]
[EventDate "2025.08.13"]
[EventType "swiss"]
[EventRounds "9"]
[EventCountry "ENG"]
[SourceTitle "BritBase"]
[Source "John Saunders"]
[SourceDate "2025.08.18"]
[SourceVersion "1"]
[SourceVersionDate "2025.08.18"]
[SourceQuality "1"]

1. d4 Nf6 2. c4 e6 3. Nf3 b6 4. e3 Bb7 5. Bd3 d5 6. b3 Bd6 7. O-O O-O 8. Bb2 Nbd7 9. Nbd2 Ne4 10. Qe2 f5 11. cxd5 exd5 12. Rad1 Qf6 13. Ba6 Bxa6 14. Qxa6 Qh6 15. Qd3 Rae8 16. Ne5 c6 17. f4 Nxe5 18. dxe5 Be7 19. Rc1 Rc8 20. Nxe4 fxe4 21. Qe2 Bc5 22. Rxc5 bxc5 23. Ba3 Rce8 24. Bxc5 Rf7 25. b4 Qg6 26. Bd6 h5 27. Rc1 d4 28. exd4 Rxf4 29. Rf1 Rxf1+ 30. Kxf1 Qf5+ 31. Kg1 Re6 32. b5 cxb5 33. d5 Rg6 34. h3 Qf3 35. Qxf3 exf3 36. Bc5 Rxg2+ 37. Kf1 Rd2 38. d6 Kf7 0-1

[Event "Mindsports Open 5th"]
[Site "London"]
[Date "2025.08.17"]
[Round "7.22"]
[White "Gurevich, Artem"]
[Black "Ravi, Krishna G"]
[Result "0-1"]
[WhiteElo "2183"]
[BlackElo "2074"]
[PlyCount "136"]
[EventDate "2025.08.13"]
[EventType "swiss"]
[EventRounds "9"]
[EventCountry "ENG"]
[SourceTitle "BritBase"]
[Source "John Saunders"]
[SourceDate "2025.08.18"]
[SourceVersion "1"]
[SourceVersionDate "2025.08.18"]
[SourceQuality "1"]

1. d4 d5 2. Nf3 Nf6 3. c4 c6 4. g3 dxc4 5. Bg2 g6 6. Ne5 Be6 7. Nc3 Bg7 8. O-O O-O 9. e4 Nbd7 10. f4 Nxe5 11. dxe5 Qxd1 12. Rxd1 Ne8 13. Be3 Nc7 14. Rd2 Rfe8 15. Ne2 f6 16. exf6 exf6 17. Kf2 Bf8 18. Bd4 Kf7 19. Rad1 Red8 20. Be3 Rxd2 21. Rxd2 Be7 22. Nd4 Rd8 23. Rc2 Bc5 24. Nxe6 Nxe6 25. f5 gxf5 26. exf5 Bxe3+ 27. Kxe3 Nd4 28. Rf2 b5 29. g4 c5 30. Kf4 h6 31. h4 a5 32. g5 hxg5+ 33. hxg5 fxg5+ 34. Kxg5 Rg8+ 35. Kf4 Kf6 36. Bd5 Rg5 37. Be4 Nxf5 38. Rh2 Ne7 39. Rh8 Nd5+ 40. Kf3 c3 41. bxc3 Nxc3 42. a4 Nxa4 43. Ra8 Nc3 44. Rxa5 Nxe4 45. Kxe4 b4 46. Ra6+ Ke7 47. Kd3 Rg3+ 48. Kc2 Kd7 49. Kb2 c4 50. Rb6 Rg2+ 51. Kb1 b3 52. Rb4 Rc2 53. Rb6 Kc7 54. Ra6 Kb7 55. Rh6 Kc7 56. Ra6 Kd7 57. Rb6 Kc8 58. Ra6 Kd8 59. Ra7 Rh2 60. Rb7 Kc8 61. Rb5 Kd7 62. Rb6 Kc7 63. Rb4 Rc2 64. Rb5 Kc6 65. Ra5 Rh2 66. Rg5 c3 67. Rg1 Rb2+ 68. Kc1 Ra2 0-1

[Event "Mindsports Open 5th"]
[Site "London"]
[Date "2025.08.17"]
[Round "7.23"]
[White "Lebedev, Lion"]
[Black "Kovalskyi, Roman"]
[Result "0-1"]
[WhiteElo "2048"]
[BlackElo "2180"]
[PlyCount "70"]
[EventDate "2025.08.13"]
[EventType "swiss"]
[EventRounds "9"]
[EventCountry "ENG"]
[SourceTitle "BritBase"]
[Source "John Saunders"]
[SourceDate "2025.08.18"]
[SourceVersion "1"]
[SourceVersionDate "2025.08.18"]
[SourceQuality "1"]

1. d4 d5 2. Nf3 Nf6 3. g3 c5 4. Bg2 cxd4 5. O-O e6 6. Nxd4 e5 7. Nb3 Be6 8. Nc3 Be7 9. f4 exf4 10. gxf4 g6 11. Kh1 Nc6 12. Be3 O-O 13. Nd4 Ng4 14. Bg1 Nxd4 15. Bxd4 Bf6 16. h3 Nh6 17. Bxf6 Qxf6 18. Nxd5 Bxd5 19. Qxd5 Nf5 20. Qb3 Rad8 21. Rad1 Qh4 22. Rxd8 Ng3+ 23. Kg1 Rxd8 24. Rf2 Rd1+ 25. Kh2 Ne4 26. Rf3 Nd2 27. Qxb7 Nxf3+ 28. Qxf3 Rd4 29. e3 Rd2 30. Qa8+ Kg7 31. Qxa7 Qf2 32. Qb7 h5 33. Qe4 h4 34. Qe5+ Kh7 35. Qg5 Rd1 0-1

[Event "Mindsports Open 5th"]
[Site "London"]
[Date "2025.08.17"]
[Round "7.24"]
[White "Bonn, Thomas"]
[Black "Bansal, Saahil"]
[Result "0-1"]
[WhiteElo "2173"]
[BlackElo "1979"]
[PlyCount "62"]
[EventDate "2025.08.13"]
[EventType "swiss"]
[EventRounds "9"]
[EventCountry "ENG"]
[SourceTitle "BritBase"]
[Source "John Saunders"]
[SourceDate "2025.08.18"]
[SourceVersion "1"]
[SourceVersionDate "2025.08.18"]
[SourceQuality "1"]

1. e4 c6 2. d4 d5 3. Nc3 dxe4 4. Nxe4 Nf6 5. Nxf6+ exf6 6. Be3 Bd6 7. Bd3 O-O 8. Ne2 Re8 9. O-O Nd7 10. c4 Nf8 11. Ng3 Be6 12. Nf5 Bc7 13. Qf3 Ng6 14. Qg4 Qd7 15. Rad1 Rad8 16. g3 Bd6 17. b3 Bf8 18. Qh5 h6 19. d5 cxd5 20. cxd5 Qxd5 21. Bxa7 Ne5 22. Be2 Qe4 23. Ne3 g6 24. Qh4 Qxh4 25. gxh4 Ra8 26. Bb5 Rec8 27. Bb6 Rxa2 28. Nd5 Kg7 29. f4 Ng4 30. Bc4 Nxh2 31. Ra1 Nf3+ 0-1

[Event "Mindsports Open 5th"]
[Site "London"]
[Date "2025.08.17"]
[Round "7.25"]
[White "Larchikov, Maksym"]
[Black "Hoffman, Luc"]
[Result "1/2-1/2"]
[WhiteElo "2037"]
[BlackElo "2123"]
[PlyCount "72"]
[EventDate "2025.08.13"]
[EventType "swiss"]
[EventRounds "9"]
[EventCountry "ENG"]
[SourceTitle "BritBase"]
[Source "John Saunders"]
[SourceDate "2025.08.18"]
[SourceVersion "1"]
[SourceVersionDate "2025.08.18"]
[SourceQuality "1"]

1. d4 d6 2. Nf3 f5 3. c4 Nf6 4. g3 g6 5. Bg2 Bg7 6. O-O O-O 7. Nc3 c6 8. d5 e5 9. dxe6 Bxe6 10. b3 Kh8 11. Bb2 Na6 12. e3 Qe7 13. Qc2 Nb4 14. Qd2 Rad8 15. Nd4 Bg8 16. Rad1 d5 17. cxd5 Nbxd5 18. Nxd5 Bxd5 19. Bxd5 Rxd5 20. Qc2 Ne4 21. Ne2 Rfd8 22. Rxd5 Rxd5 23. Bxg7+ Kxg7 24. Rd1 Qc5 25. Qb2+ Kg8 26. Rxd5 Qxd5 27. Nd4 c5 28. Nf3 b5 29. Qe5 Qxe5 30. Nxe5 Nc3 31. a3 a5 32. Nd3 Ne4 33. f3 c4 34. bxc4 bxc4 35. Ne5 Nd2 36. Kf2 c3 1/2-1/2

[Event "Mindsports Open 5th"]
[Site "London"]
[Date "2025.08.17"]
[Round "7.26"]
[White "Shidlagatta, Anirudh"]
[Black "Adams, Henry"]
[Result "1-0"]
[WhiteElo "2036"]
[BlackElo "2114"]
[PlyCount "99"]
[EventDate "2025.08.13"]
[EventType "swiss"]
[EventRounds "9"]
[EventCountry "ENG"]
[SourceTitle "BritBase"]
[Source "John Saunders"]
[SourceDate "2025.08.18"]
[SourceVersion "1"]
[SourceVersionDate "2025.08.18"]
[SourceQuality "1"]

1. Nf3 Nf6 2. g3 d5 3. Bg2 e6 4. O-O Be7 5. d4 O-O 6. c4 dxc4 7. Qc2 b5 8. a4 b4 9. Qxc4 Ba6 10. Qc2 Nbd7 11. Rd1 Rb8 12. b3 Qc8 13. Ne5 Nxe5 14. dxe5 Nd5 15. e4 Nb6 16. Be3 c5 17. Nd2 Rd8 18. Bf1 Bxf1 19. Rxf1 Qd7 20. a5 Na8 21. Rfd1 Qd3 22. Rac1 f6 23. Bxc5 Bxc5 24. Qxc5 Qe2 25. Qc4 Rxd2 26. Qxe6+ Kf8 27. Rxd2 Qxd2 28. Rc8+ Rxc8 29. Qxc8+ Kf7 30. Qxa8 Qd4 31. exf6 Qa1+ 32. Kg2 Qxa5 33. fxg7 Kxg7 34. Qb7+ Kg6 35. Qc6+ Kg7 36. Qd7+ Kg6 37. Qe6+ Kg7 38. f4 Qc5 39. f5 Qc2+ 40. Kh3 Qe2 41. Qe7+ Kg8 42. Qxa7 Qh5+ 43. Kg2 Qe2+ 44. Qf2 Qxe4+ 45. Qf3 Qc2+ 46. Kh3 Qc3 47. Qd5+ Kg7 48. Qe6 Qf3 49. Qe7+ Kh6 50. Qf6+ 1-0

[Event "Mindsports Open 5th"]
[Site "London"]
[Date "2025.08.17"]
[Round "7.27"]
[White "Steiners, Emils"]
[Black "Lishoy Gengis Paratazham, Dildarav"]
[Result "1-0"]
[WhiteElo "1933"]
[BlackElo "2093"]
[PlyCount "173"]
[EventDate "2025.08.13"]
[EventType "swiss"]
[EventRounds "9"]
[EventCountry "ENG"]
[SourceTitle "BritBase"]
[Source "John Saunders"]
[SourceDate "2025.08.18"]
[SourceVersion "1"]
[SourceVersionDate "2025.08.18"]
[SourceQuality "1"]

1. d4 Nf6 2. c4 e6 3. Nc3 Bb4 4. e3 O-O 5. Bd3 d5 6. a3 Bxc3+ 7. bxc3 dxc4 8. Bxc4 c5 9. Nf3 Qc7 10. Be2 b6 11. O-O Bb7 12. c4 Nbd7 13. Bb2 Rfd8 14. Qb3 Rac8 15. Rac1 Ng4 16. g3 Ngf6 17. Nh4 Qb8 18. f3 h6 19. Ng2 Qa8 20. Rcd1 Bc6 21. Nf4 cxd4 22. exd4 Re8 23. Nd3 a6 24. Nb4 Bb7 25. a4 h5 26. h4 Qb8 27. Kh2 Rcd8 28. Nd3 Qc7 29. Rfe1 Bc6 30. Nb4 Bb7 31. Bf1 Rc8 32. Rc1 Qd6 33. Bg2 Rcd8 34. Nd3 Qc7 35. Nf4 Qb8 36. Rcd1 Qa8 37. Re3 Bc6 38. Rde1 Bb7 39. Bh3 Qb8 40. Qc2 Qc7 41. Qb3 Qb8 42. d5 exd5 43. Bxd7 Nxd7 44. Nxh5 f6 45. Qd3 Nf8 46. Bxf6 dxc4 47. Qxc4+ Bd5 48. Qg4 g6 49. Bxd8 Rxe3 50. Nf6+ Kg7 51. Rxe3 Qxd8 52. Qd4 Qxf6 53. Qxd5 Qb2+ 54. Kh3 Qf6 55. Qe5 Qxe5 56. Rxe5 Kf6 57. Re4 Nd7 58. g4 Nc5 59. Rb4 Nd7 60. f4 Ke6 61. h5 gxh5 62. gxh5 Kf6 63. Kg4 a5 64. Rb5 Kf7 65. Kf5 Kg7 66. Ke6 Nc5+ 67. Rxc5 bxc5 68. Kd5 Kh6 69. Kxc5 Kxh5 70. Kb5 Kg4 71. Kxa5 Kxf4 72. Kb6 Ke5 73. a5 Kd6 74. a6 Kd5 75. a7 Kd4 76. a8=Q Ke5 77. Qd8 Ke4 78. Qd6 Kf5 79. Qe7 Kf4 80. Qe6 Kf3 81. Qe5 Kf2 82. Qe4 Kg3 83. Kc5 Kf2 84. Kd4 Kg3 85. Ke3 Kh3 86. Kf2 Kh2 87. Qh4# 1-0

[Event "Mindsports Open 5th"]
[Site "London"]
[Date "2025.08.17"]
[Round "7.28"]
[White "Kovacs, Zoltan"]
[Black "Choong, Han-Sen"]
[Result "1-0"]
[WhiteElo "2086"]
[BlackElo "1836"]
[PlyCount "87"]
[EventDate "2025.08.13"]
[EventType "swiss"]
[EventRounds "9"]
[EventCountry "ENG"]
[SourceTitle "BritBase"]
[Source "John Saunders"]
[SourceDate "2025.08.18"]
[SourceVersion "1"]
[SourceVersionDate "2025.08.18"]
[SourceQuality "1"]

1. d4 d5 2. Bg5 f6 3. Bh4 Nh6 4. e3 Nf5 5. Bd3 Nxh4 6. Qh5+ g6 7. Qxh4 Bg7 8. c4 c6 9. Nc3 O-O 10. Rc1 e6 11. Qg3 Rf7 12. h4 Bf8 13. f4 Bd6 14. Nf3 b6 15. b4 Na6 16. a3 dxc4 17. Bxc4 Nc7 18. e4 Be7 19. h5 g5 20. fxg5 fxg5 21. h6 Rf6 22. Qxg5+ Rg6 23. Qe3 a5 24. Ne5 Bg5 25. Qf3 Qf6 26. Nxg6 Qxf3 27. gxf3 Bxc1 28. Ne7+ Kf8 29. Nxc6 Bxa3 30. b5 Bb4 31. Kd2 Bd7 32. Rg1 Ne8 33. Ne5 Rd8 34. Kd3 Ke7 35. Rg8 Bd6 36. f4 Bc7 37. Ke3 Rc8 38. Kd3 Rd8 39. Na4 Rb8 40. Ke3 Rc8 41. Bd3 Nf6 42. Rg7+ Ke8 43. Nxd7 Bxf4+ 44. Kf3 1-0

[Event "Mindsports Open 5th"]
[Site "London"]
[Date "2025.08.17"]
[Round "7.29"]
[White "Verbytski, Oleg"]
[Black "Kolani, Arjun"]
[Result "1-0"]
[WhiteElo "2001"]
[BlackElo "2118"]
[PlyCount "133"]
[EventDate "2025.08.13"]
[EventType "swiss"]
[EventRounds "9"]
[EventCountry "ENG"]
[SourceTitle "BritBase"]
[Source "John Saunders"]
[SourceDate "2025.08.18"]
[SourceVersion "1"]
[SourceVersionDate "2025.08.18"]
[SourceQuality "1"]

1. e4 e5 2. Nf3 Nc6 3. Bc4 Bc5 4. c3 Nf6 5. d3 d6 6. O-O a5 7. Re1 Ba7 8. Nbd2 O-O 9. h3 Be6 10. Bb3 h6 11. Nf1 Re8 12. Bc2 d5 13. exd5 Qxd5 14. Be3 Bxe3 15. Rxe3 Qd6 16. Ba4 Nd5 17. Re1 Nf4 18. Bxc6 Qxc6 19. Rxe5 Bd5 20. Rxe8+ Rxe8 21. Nd4 Qb6 22. Qg4 Qxb2 23. Nf5 Ng6 24. Rd1 Qxc3 25. h4 Qf6 26. N1g3 Ne5 27. Qf4 Be6 28. Nxh6+ Qxh6 29. Qxe5 Qxh4 30. Qxa5 Qf4 31. Qb5 Rb8 32. a3 c6 33. Qc5 Rd8 34. Qc3 Qd4 35. Qxd4 Rxd4 36. Ne2 Ra4 37. Ra1 b5 38. Nc3 Ra5 39. a4 Bb3 40. Ra3 Bc2 41. d4 b4 42. Ra2 Bf5 43. Nd1 Be6 44. Ra1 Kf8 45. Kf1 Bc4+ 46. Ke1 Ke7 47. Kd2 Ke6 48. Nb2 Bd5 49. f3 Bb3 50. Nd3 Kd5 51. Nxb4+ Kd6 52. Ra3 Be6 53. Nd3 Bf5 54. Nc5 Kd5 55. Kc3 g5 56. g4 Bg6 57. Ra1 Ra7 58. a5 f5 59. a6 fxg4 60. fxg4 Kd6 61. Re1 Bf7 62. Re5 Bd5 63. Rxg5 Rf7 64. Rg6+ Kc7 65. a7 Rf8 66. Rg7+ Kb6 67. Nd7+ 1-0

[Event "Mindsports Open 5th"]
[Site "London"]
[Date "2025.08.17"]
[Round "7.30"]
[White "Carroll, Peter"]
[Black "Hafstad, Leif"]
[Result "1/2-1/2"]
[WhiteElo "2167"]
[BlackElo "1969"]
[PlyCount "193"]
[EventDate "2025.08.13"]
[EventType "swiss"]
[EventRounds "9"]
[EventCountry "ENG"]
[SourceTitle "BritBase"]
[Source "John Saunders"]
[SourceDate "2025.08.18"]
[SourceVersion "1"]
[SourceVersionDate "2025.08.18"]
[SourceQuality "1"]

1. e4 c5 2. Nf3 e6 3. d4 cxd4 4. Nxd4 Nc6 5. Nc3 Qc7 6. Be3 a6 7. g4 b5 8. Nxc6 Qxc6 9. Qd2 Nf6 10. f3 Bc5 11. O-O-O Bxe3 12. Qxe3 Bb7 13. h4 Rc8 14. a3 Qc5 15. Qd2 Rc7 16. g5 Nh5 17. Bd3 O-O 18. Kb1 d5 19. exd5 Bxd5 20. Nxd5 Qxd5 21. Qa5 Qb7 22. Be4 Qc8 23. Rd6 Ng3 24. Rh2 Nxe4 25. fxe4 Rc6 26. Rhd2 e5 27. Rd8 Qc7 28. Rxf8+ Kxf8 29. Qxc7 Rxc7 30. Rd5 Re7 31. Rd6 Ra7 32. Rd8+ Ke7 33. Rh8 Rd7 34. c3 Rd1+ 35. Kc2 Re1 36. Rxh7 Rxe4 37. h5 Kf8 38. Rh8+ Ke7 39. Rh7 Kf8 40. Rh8+ Ke7 41. Rg8 Rg4 42. Rxg7 Kf8 43. h6 Rg3 44. g6 fxg6 45. Ra7 Kg8 46. Rxa6 Rg2+ 47. Kd3 Rxb2 48. Rxg6+ Kh7 49. Re6 Rb3 50. Rxe5 Kxh6 51. Kc2 Rxa3 52. Rxb5 Kg7 53. Rf5 Kg6 54. Rf1 Ra7 55. Rf3 Kg5 56. Kb3 Rb7+ 57. Kc4 Rc7+ 58. Kd3 Rd7+ 59. Kc2 Rc7 60. Rf8 Kg6 61. Kd2 Rd7+ 62. Kc1 Rc7 63. Kc2 Kg5 64. Kd3 Rd7+ 65. Ke4 Rc7 66. Kd4 Rd7+ 67. Ke5 Rc7 68. Rg8+ Kh6 69. Rg3 Rc8 70. Kd5 Rd8+ 71. Kc6 Rc8+ 72. Kd7 Rc4 73. Kd6 Rc8 74. Ke6 Kh5 75. Kf5 Rf8+ 76. Ke4 Re8+ 77. Kd3 Rd8+ 78. Kc2 Rc8 79. Rg7 Kh6 80. Rg1 Kh5 81. Rg2 Kh6 82. Rg4 Kh5 83. Rg7 Kh6 84. Rg4 Kh5 85. Re4 Kg5 86. c4 Kf5 87. Kd3 Rd8+ 88. Rd4 Rc8 89. Rd5+ Ke6 90. Kd4 Rc7 91. c5 Rd7 92. Rxd7 Kxd7 93. Kd5 Kc7 94. c6 Kc8 95. Kd6 Kd8 96. c7+ Kc8 97. Kc6 1/2-1/2